Ľudovít Novák : Personálna bibliografia /

Hlavní autor: Štraus, František, 1933-2008
Další autoři: Sabol, Ján, 1939-
Jazyk: Slovenština
Vydáno: Prešov : Štátna vedecká knižnica, 1985
Fyzický popis: 122 s.
Knihy
Uloženo v:
LEADER 00725nam a2200205 a 4500
001 000424406
003 CZ BrMZK
005 20030919075504.0
007 ta
008 010907s1985 xo f slo d
040 |a BOA001  |b cze 
080 |a 801(437.6)"19":92Novák, Ľudovít:016  |2 MRF 
100 1 |a Štraus, František,  |d 1933-2008  |7 jo2002150586  |4 com 
245 1 0 |a Ľudovít Novák :  |b Personálna bibliografia /  |c Zost. František Štraus, Ján Sabol 
260 |a Prešov :  |b Štátna vedecká knižnica,  |c 1985 
300 |a 122 s. 
700 1 |a Sabol, Ján,  |d 1939-  |7 mzk2002144931  |4 com 
910 |a BOA001  |b 2-0897.982 
990 |a BK 
996 7 |b 2619724192  |c 2-0897.982  |l MZK  |r Sklad / do 1 hodiny  |n 4  |w 000424406  |u 000010  |a 1  |e BOA001  |j MZK50  |s A